000 00870nab a2200253 u 4500
001 20640
003 HDC
007 cr bn ---aaaaa
008 210306c |r|noo 0 a d
040 _aHDC
100 _aKnutt, Cory,
_eauthor
_918584
245 0 _aMANITOBA CHICKEN PRODUCERS LAUNCHES NEW ANNUAL SPECIALITY QUOTA PROGRAM /
_cby Cory Knutt
260 _a[No place] :
_b[publisher not identified],
_c2016
336 _atext
_2rdacontent
337 _acomputer
_2rdamedia
338 _aonline resource
_2rdacarrier
650 _aChicken producer
_918585
650 _aHalal meat
_91025
710 _aPORTAGEONLINE.COM
856 _zRequest full-text at [email protected]
942 _2lcc
942 _cNEWS
942 _kNWSO 010043
999 _c17956
_d17956